| 000 | 00753nam a22002297a 4500 | ||
|---|---|---|---|
| 005 | 20250430114400.0 | ||
| 008 | 250430b |||||||| |||| 00| 0 eng d | ||
| 020 | _a978-0-670-09570-4 (hbk) | ||
| 037 | _cTB | ||
| 040 |
_aCRL _cCRL |
||
| 041 |
_2eng _aeng |
||
| 084 |
_aV277.N R3 _qCRL |
||
| 100 |
_aSaikia, Arupjyoti _928703 |
||
| 245 |
_aQuest for modern Assam: _b A history 1942-2000 |
||
| 260 |
_aGurugram, India: _bPenguin Random House, _c2023. |
||
| 300 | _axxxvii, 852p. | ||
| 365 |
_b1299.00 _cINR |
||
| 650 |
_aAssam- History _9753540 |
||
| 650 | _aHistory | ||
| 942 |
_2CC _cTB _hV277.N R3 _n0 |
||
| 999 |
_c1309811 _d1309811 |
||